| 000 | 01308nam a2200229Ia 4500 | ||
|---|---|---|---|
| 001 | L808-30143 | ||
| 003 | IT-CnALBA | ||
| 008 | 170116s9999||||xx |||||||||||||| ||und|| | ||
| 040 |
_aIT-CnALBA _cIT-CnALBA |
||
| 041 | _aITALIANO | ||
| 100 | _aBACCHELLI RICCARDO | ||
| 245 | 0 | _aRACCONTI ITALIANI 1968. DONGIOVANNI MESCHINO. CRONACHE D'OSPEDALE. IL SEGRETO. INCENDIO A BORDO. È TORNATO GAUDENZIO... | |
| 250 | _a1a ed. | ||
| 260 |
_aMILANO _bSELEZIONE DAL READER'S DIGEST _c1967 [1° Ed.:1967 - Ed.Ling.Originale: 1967] |
||
| 300 | _a171 p. | ||
| 500 | _aIL FAZZOLETTO ROSSO. METAMORFOSI DI MARCOLFO. MANUEL AVELLANO. VISTO DA LONTANO. GAMBERI PER DUE. IL LUNGO VIAGGIO. ACCINGERSI ALL'IMPRESA. BEVILACQUA A. BONSANTI A. CHIARA P. CIBOTTO A.G. CORTI M. GRILLANDI M. LEVI P. SANTUCCI L. SCIASCIA L. VOLPONI P. | ||
| 501 | _aSocietà San Paolo EM - Piazza San Paolo, 14 - 12051 ALBA (CN) (non commercial uses only) ® Copyright 2017 | ||
| 520 | _aIL FAZZOLETTO ROSSO. METAMORFOSI DI MARCOLFO. MANUEL AVELLANO. VISTO DA LONTANO. GAMBERI PER DUE. IL LUNGO VIAGGIO. ACCINGERSI ALL'IMPRESA. BEVILACQUA A. BONSANTI A. CHIARA P. CIBOTTO A.G. CORTI M. GRILLANDI M. LEVI P. SANTUCCI L. SCIASCIA L. VOLPONI P. | ||
| 650 | _aNARRATIVA DI VARIE LETTERATURE - ROMANZI | ||
| 942 | _cBK | ||
| 957 | _71 | ||
| 999 |
_a34912 _bNO _g Copie: 1 _c288979 _d288979 |
||